000 00669cam a22002531 4500
001 29449
005 20230410132814.0
008 730209s1939 xx 000 0 eng
035 _9(DLC) 39029419
035 _a7376432
010 _a39029419
035 _a(OCoLC)556837
040 _aDLC
_cODaWU
_dOCoLC
_dDLC
050 1 4 _aQL 229
_bS216c 1939
100 1 _aSanderson, Ivan Terence,
_d1911-1973.
245 1 0 _aCaribbean treasure.
260 _aNew York,
_bThe Viking press,
_c1939.
300 _a292 p.
650 0 _aAnimals
_zWest Indies.
650 0 _aAnimals
_zSuriname.
650 0 _aAnimal behavior.
942 _2lcc
_cbk
985 _eOCLC REPLACEMENT
999 _c88048
_d88048